Sikkim looks ahead (Record no. 503766)

000 -LEADER
fixed length control field 00376cam a22001097a 4500
008 - FIXED-LENGTH DATA ELEMENTS--GENERAL INFORMATION
fixed length control field 180718b1956 xxu||||| |||| 00| 0 eng d
082 ## - DEWEY DECIMAL CLASSIFICATION NUMBER
Classification number A72x5492
100 ## - MAIN ENTRY--PERSONAL NAME
Personal name India. Ministry of Information and Broadcasting
245 ## - TITLE STATEMENT
Title Sikkim looks ahead
Statement of responsibility, etc. by Ministry of Information and Broadcasting
260 ## - PUBLICATION, DISTRIBUTION, ETC.
Place of publication, distribution, etc. New Delhi
Name of publisher, distributor, etc. Ministry of Information and Broadcasting
Date of publication, distribution, etc. 1956
300 ## - PHYSICAL DESCRIPTION
Extent 48p.
Holdings
Withdrawn status Lost status Damaged status Not for loan Permanent Location Current Location Date acquired Full call number Barcode Date last seen Price effective from Koha item type
        Indian Institute of Public Administration Indian Institute of Public Administration 2018-08-04 A72x5492 GG32923 2018-08-04 2018-08-04 GG

Powered by Koha